| 000 | 00767nam a2200217 a 4500 | ||
|---|---|---|---|
| 005 | 20191224041816.0 | ||
| 008 | 160829b2007 ck |||||rm||| 00| 0 spa d | ||
| 040 |
_aCO-BoIAVH _cCO-BoIAVH |
||
| 041 | _aspa | ||
| 090 |
_aTE _b0179 |
||
| 100 | 1 | _aHurtado Aguilar, Carlos Alirio | |
| 245 | 1 | 0 | _aUso de modelos de predición como herramienta para estimar el área de distribución potencial de la especie Aniba perutilis Hemsley (comino crespo) en el departamento del Valle del Cauca |
| 260 |
_aPopayán _bFundación Universitaria de Popayán _c2007 |
||
| 300 | _a57 Paginas | ||
| 650 | 1 | 4 | _aHidrografia |
| 650 | 1 | 4 | _aDescripción Morfológica |
| 650 | 1 | 4 | _aClima |
| 650 | 1 | 4 | _aHábitat |
| 942 |
_cTESIS _2z |
||
| 945 | _d2007-09-11 | ||
| 999 |
_c5802 _d5802 |
||